000
00445nam a2200133Ia 4500
008
100328s9999 xx 000 0 und d
082
_b
19552
100
_a
टोळ दत्ता श्री.
245
_a
मृत्यूंजयाच्या कथा
260
_b
अनंत
630
_a
मृत्यूंजयाच्या कथा
730
_a
मृत्यूंजयाच्या कथा
942
_c
BOOK
999
_c
513851
_d
513848